| 000 | 01082nam a2200217 a 4500 | ||
|---|---|---|---|
| 001 | 000006560 | ||
| 003 | DO-SdBNP | ||
| 005 | 20240305082246.0 | ||
| 008 | 090901s2006 dr 001 0 spa d | ||
| 020 | _a994585495X | ||
| 040 |
_aDO-SdBNP _bspa _cBNPHU |
||
| 082 |
_axxxx _bC568c |
||
| 111 | 2 |
_aCiclo de coferencia organizado por la Fundación Joaquín Balaguer con motivo del primer Centenario del natalicio del Dr. Joaquín Balaguer _d(2006: abr. 21 _cSanto Domingo ) _918211 |
|
| 245 | 1 | 3 |
_aEl joven poeta y periodista Joaquín Balaguer (1922-1929) / _cFernando Pérez Memén. |
| 260 |
_aSanto Domingo : _bFundación Joaquín Balaguer ; _bBúho, _c2006. |
||
| 300 |
_a83 p. ; _c22 cm. |
||
| 500 | _aIncluye referencias bibliográficas y notas al pie de las páginas | ||
| 505 | 1 | _aInicio de su labor literaria y periodística-- Periodismo y literatura -- Santiago : vida social y económica -- Vida intelectual de Santiago -- Labor de Balaguer en la información -- Balaguer, abanderado del nacionalismo. | |
| 700 | 1 |
_aPérez Memén, Fernando, _d1943- _938744 |
|
| 942 |
_2ddc _cLBS1 |
||
| 999 |
_c6351 _d6351 |
||